000 00673ntaaa2200217 4500
003 01
005 20251027203216.0
008 0714s1973 ag 01
020 _a9789870561149
040 _aAR-BaBN
_bspa
_cAR-BaBN
_eaacr
_dRIC
082 _a362.82 Si3e
100 _aSilva Alvarez, Lourdes Raquel
_934032
245 _aEncontrando salidas :
_bpreguntas y respuestas sobre la violencia familiar /
_cLourdes Raquel Silva Alvarez
250 _a1 ed.
260 _aBuenos Aires :
_bEl Autor,
_c2009
300 _a79 p.
500 _aGuía de recursos p. 71-76.Bibliografía p. 77-79.
650 _aVIOLENCIA FAMILIAR
_933554
650 _aCONFLICTO SOCIAL
942 _cBK
999 _c27536
_d27536